Bilecik Bilecik Bilecik Bilecik Bilecik

Taşıt mekaniği/ (Record no. 423)

MARC details
000 -BAŞLIK
Sabit Uzunluktaki Kontrol Alanı 01149nam a22003857a 4500
001 - KONTROL NUMARASI
Control Dosyası 0000422
003 - KONTROL NUMARASI KİMLİĞİ
Kontrol Alanı KOHA_MİRAKIL
005 - EN SON İŞLEM TARİHİ ve ZAMANI
Kontrol Alanı 20260207001209.0
007 - FİZİKSEL TANIM SABİT ALAN - GENEL BİLGİ
Sabit uzunluklu kontrol alanı ta
008 - SABİT UZUNLUKTAKİ VERİ ÖGELERİ - GENEL BİLGİ
Sabit Alan 101013b2005 tu |||gr||||#||||0|tur |
020 ## - ISBN - ULUSLARARASI STANDART KİTAP NUMARASI
Isbn 9755911030
Kullanılabilirlik koşulları YTL16,690000000000001
040 ## - KATALOGLAMA KAYNAĞI
Özgün Kataloglama Kurumu TR-BiSEU
Kataloglama Dili tur
Çeviri Kurumu TR-BiSEU
Açıklama Kuralları rda
041 0# - DİL KODU
Metin ya da ses kaydının dil kodu tur
044 ## - YAYINLAYAN/ÜRETEN KURULUŞUN ÜLKE KODU
ISO country code tu
050 ## - SINIFLAMA ve YER NUMARASI
Sınıflama Numarası TL243
Yer Numarası .C48 2005
100 1# - KİŞİ ADI
Yazar Adı (Kişi adı) Çetinkaya, Selim.
245 1# - ESER ADI BİLDİRİMİ
Başlık Taşıt mekaniği/
Sorumluluk Bildirimi Selim Çetinkaya ; Selim Çetinkaya.
250 ## - BASIM BİLDİRİMİ
Basım Bildirimi 4. bs.
264 #1 - ÜRERİM, YAYIN, DAĞITIM ve TELİF BİLDİRİMİ
Yayın yeri Ankara :
Yayınlayan Nobel Yayınları
Yayın tarihi 2005
300 ## - FİZİKSEL TANIMLAMA
Sayfa, Cilt vb. 314 sayfa
336 ## - İÇERİK TÜRÜ
Content type term metin
Content type code txt
Source rdacontent
337 ## - MEDYA TÜRÜ
Media type term aracısız
Media type code n
Source rdamedia
338 ## - TAŞIYICI TÜRÜ
Carrier type term cilt
Carrier type code nc
Source rdacarrier
490 0# - DİZİ BİLDİRİMİ
Dizi Bildirimi Nobel Yayın No.
490 0# - DİZİ BİLDİRİMİ
Dizi Bildirimi 125 Teknik Yayınları Dizi No.
490 0# - DİZİ BİLDİRİMİ
Dizi Bildirimi 13
500 ## - GENEL NOT
Genel Not Kaynakça ve dizin var.
650 #0 - KONU BAŞLIĞI EK GİRİŞ - KONU TERİMİ
Konusal terim veya coğrafi ad Motorlu taşıtlar--Dinamik.
9 (RLIN) 2546
650 #0 - KONU BAŞLIĞI EK GİRİŞ - KONU TERİMİ
Konusal terim veya coğrafi ad Taşıtlar--Tasarım ve konstrüksiyon.
9 (RLIN) 2547
650 #0 - KONU BAŞLIĞI EK GİRİŞ - KONU TERİMİ
Konusal terim veya coğrafi ad Otomobiller--Tasarım ve konstrüksiyon.
9 (RLIN) 2548
830 0# - SERİ EK GİRİŞİ - TEKBİÇİM ESER ADI
Tekbiçim Başlık Nobel Yayın No.
9 (RLIN) 1595
830 0# - SERİ EK GİRİŞİ - TEKBİÇİM ESER ADI
Tekbiçim Başlık 125 Teknik Yayınları Dizi No.
9 (RLIN) 2549
830 0# - SERİ EK GİRİŞİ - TEKBİÇİM ESER ADI
Tekbiçim Başlık 13
9 (RLIN) 2550
942 ## - EK GİRİŞ ÖGELERİ (KOHA)
Source of classification or shelving scheme Library of Congress Classification
Koha item type Book
Holdings
Materyal Türü Kalıcı Konum Mevcut Konum Raf Yeri Sınıflandırma Kaynağı Edinim Bilgisi Ana Konular Alt Konular Yer Numarası Demirbaş Numarası Fatura Tarihi Maliyet, Alış Fiyatı Maliyet, Yenileme Fiyatı Geri Çekilme Durumu Kayıp Durumu Hasarlı Durumu Kredi için değil Kayıt Tarih Toplam Ödünçverme Toplam Yenileme Son Görülme Tarihi Son Kontrol Tarihi Genel / Bağış Notu
Book Prof. Dr. Azmi Özcan Kütüphanesi Prof. Dr. Azmi Özcan Kütüphanesi Birûni Salonu Library of Congress Classification Satın TEKNOLOJİ Motorlu Araçlar, Havacılık, Uzay TL243 .C48 2005 0000422 12/12/2008 18.03 18.03         12/12/2008 5 2 17/04/2026 10/03/2026  
Book Prof. Dr. Azmi Özcan Kütüphanesi Prof. Dr. Azmi Özcan Kütüphanesi Birûni Salonu Library of Congress Classification Bağış TEKNOLOJİ Motorlu Araçlar, Havacılık, Uzay TL243 .C48 2005 0022853 02/02/2026 14.00 14.00         13/10/2010 4   05/12/2024 05/12/2024 MYO